[Event "FICGS class M 000002 email"]
[Site "FICGS email"]
[Date "2008.10.04"]
[Round "1"]
[White "Vrenegoor, Taco"]
[Black "Shwimmer, Peter"]
[Result "1/2-1/2"]
[WhiteElo "2321"]
[BlackElo "2501"]
[PlyCount "67"]
[EventDate "2008.??.??"]
[EventType "tourn (corr)"]
[EventRounds "1"]
[SourceTitle "Corr 2022"]
[Source "ChessBase"]
[SourceDate "2021.10.24"]
[SourceVersion "1"]
[SourceVersionDate "2021.10.24"]
[SourceQuality "1"]

1. Nf3 Nf6 2. c4 c5 3. Nc3 e6 4. g3 b6 5. Bg2 Bb7 6. 0-0 a6 7. d4 cxd4 8. Qxd4 Nc6 9. Qf4 Ne7 10. b3 Ng6 11. Qd4 Be7 12. Bb2 0-0 13. Rac1 b5 14. Rfd1 Qb8 15. c5 Rd8 16. Nb1 Bc6 17. Ne1 Bxg2 18. Kxg2 d6 19. cxd6 Qb7+ 20. Kg1 Rxd6 21. Qe3 Rxd1 22. Rxd1 e5 23. Nd3 Rd8 24. Rd2 Re8 25. Rc2 Bd8 26. Nc5 Qa8 27. Nd2 Bb6 28. b4 a5 29. Qd3 axb4 30. Qxb5 Rb8 31. Qc4 Rc8 32. Qxb4 Qa7 33. Ndb3 Qxa2 34. Qxb6 1/2-1/2

[Event "FICGS class M 000023 email"]
[Site "FICGS email"]
[Date "2008.09.09"]
[Round "1"]
[White "Vrenegoor, Taco"]
[Black "Sanchez, Eduardo"]
[Result "1-0"]
[WhiteElo "2321"]
[BlackElo "2207"]
[PlyCount "33"]
[EventDate "2008.??.??"]
[EventType "tourn (corr)"]
[EventRounds "6"]
[SourceTitle "Corr 2022"]
[Source "ChessBase"]
[SourceDate "2021.10.24"]
[SourceVersion "1"]
[SourceVersionDate "2021.10.24"]
[SourceQuality "1"]

1. Nf3 d5 2. c4 c6 3. g3 Bg4 4. Bg2 e6 5. cxd5 exd5 6. 0-0 Nd7 7. d3 Ngf6 8. Nc3 Bc5 9. Qb3 Bb6 10. Na4 0-0 11. Nxb6 axb6 12. Qc2 Qe7 13. Bd2 Rfe8 14. b4 Bxf3 15. Bxf3 b5 16. a4 bxa4 17. Rxa4 1-0

[Event "Haarlem BDO-A"]
[Site "Haarlem"]
[Date "2006.08.??"]
[Round "7"]
[White "Kasparov, Sergey"]
[Black "Vrenegoor, Taco"]
[Result "1-0"]
[WhiteElo "2491"]
[BlackElo "2360"]
[PlyCount "95"]
[EventDate "2006.08.26"]
[EventType "tourn"]
[EventRounds "9"]
[EventCountry "NED"]
[EventCategory "6"]
[SourceTitle "EXT 2015"]
[Source "ChessBase"]
[SourceDate "2014.11.20"]
[SourceVersion "1"]
[SourceVersionDate "2014.11.20"]
[SourceQuality "1"]

1. e4 c5 2. Nf3 d6 3. Bb5+ Bd7 4. Bxd7+ Qxd7 5. c4 Nf6 6. Nc3 g6 7. d4 cxd4 8. Nxd4 Bg7 9. f3 0-0 10. Be3 Rc8 11. b3 Nc6 12. Rc1 a6 13. Nxc6 Rxc6 14. a4 Qd8 15. 0-0 Qa5 16. Nd5 Nxd5 17. exd5 Rc7 18. Qe1 Qxe1 19. Rfxe1 a5 20. Bb6 Rd7 21. Rc2 Bf6 22. g3 Ra6 23. Bf2 h5 24. Kg2 Kg7 25. Re4 b6 26. f4 Rb7 27. h3 Ra8 28. Rce2 Kf8 29. Kf3 Bc3 30. Rc2 f5 31. Re6 Bf6 32. Ke2 Kf7 33. h4 Ra6 34. Kd3 Rb8 35. Rce2 Rb7 36. Re1 Bb2 37. Bd4 Ba3 38. g4 hxg4 39. h5 gxh5 40. Rh1 Ra8 41. Rxh5 Rf8 42. Rxf5+ Ke8 43. Rxf8+ Kxf8 44. Rg6 Bc5 45. Bc3 Ke8 46. Rxg4 Kd7 47. Rg8 Rc7 48. Rg7 1-0

[Event "Haarlem BDO-A"]
[Site "Haarlem"]
[Date "2006.08.??"]
[Round "5"]
[White "Smerdon, David"]
[Black "Vrenegoor, Taco"]
[Result "1-0"]
[WhiteElo "2472"]
[BlackElo "2360"]
[PlyCount "65"]
[EventDate "2006.08.26"]
[EventType "tourn"]
[EventRounds "9"]
[EventCountry "NED"]
[EventCategory "6"]
[SourceTitle "EXT 2015"]
[Source "ChessBase"]
[SourceDate "2014.11.20"]
[SourceVersion "1"]
[SourceVersionDate "2014.11.20"]
[SourceQuality "1"]

1. e4 c5 2. c3 Nf6 3. e5 Nd5 4. Nf3 e6 5. d4 cxd4 6. cxd4 d6 7. Bc4 Nc6 8. Qe2 Be7 9. 0-0 0-0 10. Nc3 Nxc3 11. bxc3 dxe5 12. dxe5 Qa5 13. Rb1 Rd8 14. Qe4 g6 15. Rb5 Qa4 16. Bg5 Rd1 17. g3 Rxf1+ 18. Kxf1 Qd1+ 19. Kg2 Qd8 20. h4 Bxg5 21. Nxg5 h6 22. Bxe6 Bxe6 23. Nxe6 fxe6 24. Qxg6+ Kf8 25. Qxh6+ Ke8 26. Qg6+ Kf8 27. Qh6+ Ke8 28. Rxb7 Ne7 29. Qh8+ Kf7 30. Qf6+ Ke8 31. Qh8+ Kf7 32. Qf6+ Ke8 33. Kh2 1-0

[Event "Amsterdam ACT op 2nd"]
[Site "Amsterdam"]
[Date "2005.07.21"]
[Round "6"]
[White "Hoffmann, Michael"]
[Black "Vrenegoor, Taco"]
[Result "1/2-1/2"]
[WhiteElo "2475"]
[BlackElo "2349"]
[PlyCount "34"]
[EventDate "2005.07.16"]
[EventType "swiss"]
[EventRounds "9"]
[EventCountry "NED"]
[SourceTitle "CBM 107 Extra"]
[Source "ChessBase"]
[SourceDate "2005.09.01"]
[SourceVersion "1"]
[SourceVersionDate "2005.09.01"]
[SourceQuality "1"]

1. e4 c5 2. Nf3 d6 3. d4 cxd4 4. Nxd4 Nf6 5. Nc3 a6 6. Be3 e5 7. Nb3 Be6 8. f3 Nbd7 9. g4 Be7 10. Qd2 0-0 11. g5 Nh5 12. 0-0-0 Qc7 13. Rg1 g6 14. Kb1 b5 15. Nd5 Bxd5 16. exd5 Nb6 17. Rg4 Rab8 1/2-1/2

[Event "BEL-chT 0102"]
[Site "Belgium"]
[Date "2001.12.23"]
[Round "5"]
[White "Goormachtigh, Johan"]
[Black "Vrenegoor, Taco"]
[Result "1/2-1/2"]
[WhiteElo "2284"]
[BlackElo "2360"]
[PlyCount "36"]
[EventDate "2001.10.14"]
[EventType "team"]
[EventRounds "11"]
[EventCountry "BEL"]
[SourceTitle "EXT 2003"]
[Source "ChessBase"]
[SourceDate "2002.11.25"]
[SourceVersion "1"]
[SourceVersionDate "2002.11.25"]
[SourceQuality "1"]

1. d4 Nf6 2. c4 g6 3. Nc3 d5 4. Nf3 Bg7 5. cxd5 Nxd5 6. e4 Nxc3 7. bxc3 c5 8. Be3 Qa5 9. Qd2 Nc6 10. Rc1 cxd4 11. cxd4 Qxd2+ 12. Kxd2 0-0 13. Bb5 Rd8 14. Bxc6 bxc6 15. Rc5 f5 16. e5 Be6 17. Rxc6 Bxa2 18. Rc7 Bd5 1/2-1/2

[Event "Ruhrgebiet VL1 9900"]
[Site "Ruhrgebiet"]
[Date "1999.10.17"]
[Round "2"]
[White "Vrenegoor, Taco"]
[Black "Barthel, Ansgar"]
[Result "1/2-1/2"]
[WhiteElo "2330"]
[BlackElo "2216"]
[PlyCount "63"]
[EventDate "1999.09.19"]
[EventType "team-tourn"]
[EventRounds "9"]
[EventCountry "GER"]
[SourceTitle "EXT 2001"]
[Source "ChessBase"]
[SourceDate "2000.11.22"]
[SourceVersion "1"]
[SourceVersionDate "2000.11.22"]
[SourceQuality "1"]

1. e4 Nf6 2. e5 Nd5 3. d4 d6 4. c4 Nb6 5. exd6 cxd6 6. Nc3 g6 7. Be3 Bg7 8. Rc1 0-0 9. b3 e6 10. Nf3 Nc6 11. Be2 Ne7 12. 0-0 Bd7 13. Qd2 Nf5 14. Bg5 f6 15. Be3 Nxe3 16. Qxe3 Re8 17. c5 Nc8 18. Bb5 Bxb5 19. Nxb5 Qd7 20. Nxd6 Nxd6 21. cxd6 Qxd6 22. Rc5 Rac8 23. Rfc1 Rxc5 24. Rxc5 Re7 25. h3 Kf7 26. Qc1 Rd7 27. Qc4 Bf8 28. Rc8 Qd5 29. Qxd5 exd5 30. Kf1 Bd6 31. Ke2 Rc7 32. Rxc7+ 1/2-1/2

[Event "Ruhrgebiet VL1 9900"]
[Site "Ruhrgebiet"]
[Date "1999.09.19"]
[Round "1"]
[White "Vrenegoor, Taco"]
[Black "Berg, Dietmar"]
[Result "1/2-1/2"]
[WhiteElo "2330"]
[BlackElo "2025"]
[PlyCount "44"]
[EventDate "1999.09.19"]
[EventType "team-tourn"]
[EventRounds "9"]
[EventCountry "GER"]
[SourceTitle "EXT 2001"]
[Source "ChessBase"]
[SourceDate "2000.11.22"]
[SourceVersion "1"]
[SourceVersionDate "2000.11.22"]
[SourceQuality "1"]

1. e4 c6 2. d4 d5 3. Nd2 dxe4 4. Nxe4 Nf6 5. Nxf6+ gxf6 6. c3 Bf5 7. Ne2 e6 8. Ng3 Bg6 9. h4 h6 10. h5 Bh7 11. Bd3 Bxd3 12. Qxd3 Qc7 13. Bd2 Nd7 14. 0-0-0 0-0-0 15. Kb1 f5 16. Qf3 Bd6 17. Ne2 Nf6 18. Bf4 Bxf4 19. Nxf4 Rhg8 20. g3 Ne4 21. Nd3 Rd5 22. Qe3 Ng5 1/2-1/2

[Event "NED-chT"]
[Site "Netherlands"]
[Date "1998.??.??"]
[Round "?"]
[White "Vrenegoor, Taco"]
[Black "Bosboom, Manuel"]
[Result "1-0"]
[WhiteElo "2345"]
[BlackElo "2450"]
[PlyCount "125"]
[EventDate "1998.??.??"]
[EventType "team"]
[EventRounds "9"]
[EventCountry "NED"]
[SourceTitle "EXT 2007"]
[Source "ChessBase"]
[SourceDate "2006.11.23"]
[SourceVersion "1"]
[SourceVersionDate "2006.11.23"]
[SourceQuality "1"]

1. e4 c5 2. Nf3 d6 3. d4 cxd4 4. Nxd4 Nf6 5. Nc3 a6 6. Bc4 b5 7. Bb3 Bb7 8. 0-0 Nbd7 9. Re1 e6 10. a4 b4 11. Nd5 Be7 12. Nxe7 Qxe7 13. Bg5 h6 14. Bxf6 Nxf6 15. f3 0-0 16. Qd2 Rab8 17. Rad1 Qc7 18. Qe3 Rfe8 19. Ne2 e5 20. Rd2 Rbd8 21. Red1 d5 22. Bxd5 Bxd5 23. exd5 e4 24. Ng3 exf3 25. Qxf3 Qc5+ 26. Qf2 Qxf2+ 27. Kxf2 Ng4+ 28. Kg1 Ne3 29. Re1 Kf8 30. d6 Nc4 31. Rxe8+ Kxe8 32. Rd4 Nxb2 33. Rxb4 Nd1 34. Rb6 a5 35. Ne4 Ne3 36. Ra6 f5 37. Nc5 Nxc2 38. d7+ Ke7 39. Rxa5 Nd4 40. Ra6 Rb8 41. h4 Rb1+ 42. Kh2 Rc1 43. Rd6 Kxd6 44. d8Q+ Kxc5 45. Qc8+ Nc6 46. Qxf5+ Kb6 47. Qg6 Rc4 48. g3 Rxa4 49. Qxg7 h5 50. Qg6 Ra5 51. g4 hxg4 52. h5 Kc7 53. h6 Ra2+ 54. Kh1 Ra1+ 55. Kg2 Ra2+ 56. Kf1 Ra1+ 57. Kf2 Ra2+ 58. Ke3 Ne7 59. Qf7 Ra3+ 60. Ke2 Kd7 61. h7 Rh3 62. Qg7 Rh2+ 63. Kf1 1-0

[Event "Ruhrgebiet VL2 9798"]
[Site "Ruhrgebiet"]
[Date "1998.??.??"]
[Round "?"]
[White "Vrenegoor, Taco"]
[Black "Opalka, Guido"]
[Result "1/2-1/2"]
[WhiteElo "2345"]
[BlackElo "2250"]
[PlyCount "64"]
[EventDate "1997.??.??"]
[EventType "team"]
[EventRounds "9"]
[EventCountry "GER"]
[SourceTitle "EXT 2002"]
[Source "ChessBase"]
[SourceDate "2001.11.25"]
[SourceVersion "1"]
[SourceVersionDate "2001.11.25"]
[SourceQuality "1"]

1. e4 d6 2. d4 Nf6 3. Nc3 g6 4. Nf3 Bg7 5. Be2 0-0 6. 0-0 e5 7. dxe5 dxe5 8. Bg5 Nbd7 9. a4 h6 10. Bh4 Nc5 11. Qxd8 Rxd8 12. Rfe1 g5 13. Bg3 Nfxe4 14. Nxe4 Nxe4 15. Bxe5 Bxe5 16. Nxe5 Nd6 17. Bd3 Bf5 18. Rad1 Bxd3 19. Nxd3 Re8 20. Kf1 f6 21. Nb4 Rxe1+ 22. Rxe1 Re8 23. Nd5 Rxe1+ 24. Kxe1 Ne8 25. Ke2 Kf7 26. Kd3 Ke6 27. Kd4 c6 28. Ne3 f5 29. Nc4 b6 30. b4 Nf6 31. a5 Nd7 32. axb6 axb6 1/2-1/2

[Event "Ruhrgebiet VL2 9798"]
[Site "Ruhrgebiet"]
[Date "1998.??.??"]
[Round "?"]
[White "Zagorskis, Darius"]
[Black "Vrenegoor, Taco"]
[Result "1/2-1/2"]
[WhiteElo "2515"]
[BlackElo "2345"]
[PlyCount "76"]
[EventDate "1997.??.??"]
[EventType "team"]
[EventRounds "9"]
[EventCountry "GER"]
[SourceTitle "EXT 2002"]
[Source "ChessBase"]
[SourceDate "2001.11.25"]
[SourceVersion "1"]
[SourceVersionDate "2001.11.25"]
[SourceQuality "1"]

1. c4 e5 2. Nc3 Nf6 3. Nf3 Nc6 4. e3 Bb4 5. Qc2 Bxc3 6. bxc3 d6 7. d3 0-0 8. Be2 Qe7 9. e4 Ne8 10. Rb1 Rb8 11. Bg5 f6 12. Bh4 Qf7 13. Nd2 f5 14. f3 Nf6 15. Nf1 Qg6 16. Rg1 Be6 17. Bf2 fxe4 18. dxe4 Qf7 19. Ne3 Na5 20. Nd5 b6 21. Rd1 Rbd8 22. Qd3 c6 23. Ne3 Ne8 24. c5 bxc5 25. c4 Nf6 26. Rf1 Qc7 27. Bh4 Rd7 28. Rf2 d5 29. cxd5 cxd5 30. exd5 Nxd5 31. Nxd5 Rxd5 32. Qc3 Rd4 33. Bg5 Qb6 34. Be3 Rxd1+ 35. Bxd1 Qb4 36. Qxb4 cxb4 37. Bxa7 Ra8 38. Bc5 Nc6 1/2-1/2

[Event "Wijk aan Zee op"]
[Site "Wijk aan Zee"]
[Date "1997.??.??"]
[Round "1"]
[White "Vrenegoor, Taco"]
[Black "Xie, Jun"]
[Result "0-1"]
[WhiteElo "2315"]
[BlackElo "2500"]
[PlyCount "76"]
[EventDate "1997.01.??"]
[EventType "swiss"]
[EventRounds "9"]
[EventCountry "NED"]
[SourceTitle "EXT 2002"]
[Source "ChessBase"]
[SourceDate "2001.11.25"]
[SourceVersion "1"]
[SourceVersionDate "2001.11.25"]
[SourceQuality "1"]

1. e4 e5 2. f4 exf4 3. Nf3 Ne7 4. Bc4 c6 5. d4 d5 6. exd5 Nxd5 7. 0-0 Be7 8. Nc3 0-0 9. Bb3 g5 10. Nxd5 cxd5 11. Qd3 Nc6 12. c3 Be6 13. Bc2 f5 14. Re1 Qd7 15. Qe2 Bf7 16. Ne5 Nxe5 17. Qxe5 Rae8 18. Qxf5 Qxf5 19. Bxf5 Bd6 20. Bd2 Kg7 21. Rxe8 Bxe8 22. Re1 Bf7 23. Kf2 h5 24. h3 Kf6 25. Bc2 Rh8 26. Bd1 b6 27. Kg1 Be6 28. Be2 g4 29. Rf1 f3 30. gxf3 gxh3 31. Kh1 Rg8 32. Rg1 Bg3 33. Rd1 h4 34. Be3 Bf7 35. Bg1 Re8 36. Bf1 Bh5 37. Rd3 Re1 38. Bxh3 Bf2 0-1

[Event "Donner Memorial op"]
[Site "Amsterdam"]
[Date "1996.??.??"]
[Round "2"]
[White "Vrenegoor, Taco"]
[Black "Fedorowicz, John P"]
[Result "1/2-1/2"]
[WhiteElo "2320"]
[BlackElo "2500"]
[PlyCount "97"]
[EventDate "1996.08.17"]
[EventType "swiss"]
[EventRounds "11"]
[EventCountry "NED"]
[SourceTitle "EXT 1997"]
[Source "ChessBase"]
[SourceDate "1996.11.15"]
[SourceVersion "1"]
[SourceVersionDate "1996.11.15"]
[SourceQuality "1"]

1. e4 c5 2. Nf3 Nc6 3. d4 cxd4 4. Nxd4 Nf6 5. Nc3 d6 6. Bc4 Qb6 7. Nb3 e6 8. 0-0 Be7 9. Be3 Qc7 10. f4 a6 11. Bd3 b5 12. Qf3 Bb7 13. Qh3 Nb8 14. a3 Nbd7 15. g4 h5 16. g5 Ng4 17. Bd2 Qb6+ 18. Kg2 f6 19. Qf3 fxg5 20. h3 Ngf6 21. Be3 g4 22. hxg4 hxg4 23. Qg3 Qc7 24. Rh1 0-0-0 25. Rxh8 Rxh8 26. Rh1 Rxh1 27. Kxh1 e5 28. Kg1 exf4 29. Qxf4 Ne5 30. Nd4 g6 31. Qh6 Qd7 32. Qh8+ Bd8 33. Nde2 Qe8 34. Qxe8 Nxe8 35. Kf2 Bh4+ 36. Kf1 Nf6 37. Nf4 Kd7 38. Bd4 Bg5 39. Bxe5 dxe5 40. Nfd5 Nxd5 41. Nxd5 Kd6 42. b3 Bxd5 43. exd5 Kxd5 44. Bxg6 e4 45. c4+ bxc4 46. Bf7+ Kd4 47. Bxc4 a5 48. Be2 Kc3 49. b4 1/2-1/2